Países que contienen la letra Y - Estadísticas

Estadísticas generales
  • Esta prueba ha sido intentada 711 veces
    707 desde el último reinicio
  • La puntuación promedio es 13 de 17
Estadísticas de respuestas
País % Correcto
Yemen
94%
Yibuti
91%
Uruguay
82%
Paraguay
81%
Trinidad y Tobago
78%
Azerbaiyán
77%
Antigua y Barbuda
76%
San Vicente y las Granadinas
76%
Tayikistán
76%
San Cristóbal y Nieves
74%
Seychelles
74%
Santo Tomé y Príncipe
71%
Bosnia y Herzegovina
70%
Fiyi
69%
Guyana
66%
Camboya
61%
Myanmar
46%
No se encontraron pruebas coincidentes
Distribución de puntuación
Porcentaje de gente con cada puntuación
Porcentaje por número respondido
Historial de tus puntuaciones
No has intentado esta prueba desde el último reinicio